[Event "Krakow op-A 26th"]
[Site "Krakow"]
[Date "2016.01.03"]
[Round "8"]
[White "Barski, Radoslaw"]
[Black "Gasik, Anna"]
[Result "1-0"]
[WhiteElo "2342"]
[BlackElo "2196"]
[PlyCount "79"]
[EventDate "2015.12.27"]
[EventType "swiss"]
[EventRounds "9"]
[EventCountry "POL"]
[SourceTitle "CBM 170 Extra"]
[Source "ChessBase"]
[SourceDate "2016.02.25"]
[SourceVersion "1"]
[SourceVersionDate "2016.02.25"]
[SourceQuality "1"]

1. e4 c6 2. d4 d5 3. e5 Bf5 4. Nf3 e6 5. Be2 Nd7 6. 0-0 Ne7 7. Nbd2 h6 8. Nb3 g5 9. Ne1 Qc7 10. Be3 Bg7 11. g3 0-0-0 12. Bd2 Bh3 13. Ng2 Nf5 14. Bh5 f6 15. exf6 Bxf6 16. c3 Ng7 17. Be2 e5 18. dxe5 Bxe5 19. f4 Bd6 20. Bg4 Bxg2 21. Kxg2 h5 22. Bxd7+ Qxd7 23. h3 Nf5 24. Nd4 Nxg3 25. Kxg3 gxf4+ 26. Bxf4 Rhg8+ 27. Kh2 Qg7 28. Qd2 Bxf4+ 29. Rxf4 Qg3+ 30. Kh1 Qxh3+ 31. Qh2 Qe3 32. Nf5 Qd3 33. Ne7+ Kd7 34. Nxg8 Rxg8 35. Rf7+ Ke6 36. Re1+ Kxf7 37. Qf4+ Kg7 38. Re7+ Kg6 39. Re6+ Kg7 40. Qh6+ 1-0

[Event "Krakow op-A 26th"]
[Site "Krakow"]
[Date "2016.01.02"]
[Round "6"]
[White "Marczuk, Anna"]
[Black "Gasik, Anna"]
[Result "1-0"]
[WhiteElo "1979"]
[BlackElo "2196"]
[PlyCount "143"]
[EventDate "2015.12.27"]
[EventType "swiss"]
[EventRounds "9"]
[EventCountry "POL"]
[SourceTitle "CBM 170 Extra"]
[Source "ChessBase"]
[SourceDate "2016.02.25"]
[SourceVersion "1"]
[SourceVersionDate "2016.02.25"]
[SourceQuality "1"]

1. e4 c6 2. Nc3 d5 3. Nf3 dxe4 4. Nxe4 Nf6 5. Ng3 Bg4 6. h3 Bxf3 7. Qxf3 e6 8. Bc4 Nbd7 9. Bb3 Bd6 10. Nh5 Nxh5 11. Qxh5 Qf6 12. 0-0 0-0 13. d3 Nc5 14. Qg5 Be5 15. Qxf6 Bxf6 16. Rb1 Rfd8 17. Be3 Bd4 18. Bg5 Rd7 19. c3 Nxb3 20. axb3 Bb6 21. d4 Rd5 22. Be3 Rad8 23. Rfe1 h6 24. b4 Bc7 25. Kf1 a6 26. Ke2 f6 27. Red1 Kf7 28. Ra1 g5 29. g3 Rb5 30. Rd2 Ke7 31. Ke1 Ra8 32. Ke2 a5 33. bxa5 Rbxa5 34. Rxa5 Rxa5 35. Rc2 Ra1 36. Rc1 Ra2 37. Rc2 f5 38. f4 Kf6 39. Kf2 Bd6 40. Re2 Be7 41. Kf1 Kf7 42. Kf2 Bf6 43. Kf1 Ke7 44. Rc2 Kd6 45. Ke2 b6 46. Kd3 Be7 47. c4 c5 48. dxc5+ bxc5 49. Bxc5+ Kd7 50. Bxe7 Kxe7 51. c5 Kd7 52. Kd4 Ra1 53. b4 gxf4 54. gxf4 Rd1+ 55. Kc4 Rf1 56. Rd2+ Kc7 57. Rd4 h5 58. Kb5 Rc1 59. Rd6 Re1 60. Rc6+ Kd7 61. Rb6 e5 62. fxe5 Rxe5 63. Rf6 Ke7 64. Rd6 f4 65. Rd2 f3 66. Rf2 Re3 67. Kb6 Rb3 68. b5 Kd7 69. c6+ Kc8 70. Ra2 Kd8 71. c7+ Kd7 72. Rd2+ 1-0

[Event "Krakow op-A 26th"]
[Site "Krakow"]
[Date "2015.12.30"]
[Round "4"]
[White "Krykun, Yuriy"]
[Black "Gasik, Anna"]
[Result "1/2-1/2"]
[WhiteElo "2326"]
[BlackElo "2196"]
[PlyCount "67"]
[EventDate "2015.12.27"]
[EventType "swiss"]
[EventRounds "9"]
[EventCountry "POL"]
[SourceTitle "CBM 170 Extra"]
[Source "ChessBase"]
[SourceDate "2016.02.25"]
[SourceVersion "1"]
[SourceVersionDate "2016.02.25"]
[SourceQuality "1"]

1. d4 d5 2. Nf3 Nf6 3. c4 c6 4. e3 e6 5. b3 Bd6 6. Bb2 Nbd7 7. Bd3 0-0 8. 0-0 b6 9. Ne5 Bb7 10. Nd2 Rc8 11. f4 Qe7 12. Qf3 c5 13. Qh3 g6 14. Ndf3 dxc4 15. bxc4 Bxf3 16. Qxf3 cxd4 17. exd4 Ba3 18. Bc3 Qd6 19. Rad1 b5 20. Qb7 Qb6 21. Qxb6 axb6 22. Rf3 bxc4 23. Nxc4 Be7 24. Be1 Nd5 25. Bf1 Rfd8 26. g3 N7f6 27. Rb3 Ra8 28. Ra1 Rdb8 29. Ne5 Rc8 30. a4 Ra7 31. Bb5 Rac7 32. Bd3 Rc1 33. Rbb1 Rxb1 34. Rxb1 1/2-1/2

[Event "Krakow op-A 26th"]
[Site "Krakow"]
[Date "2015.12.27"]
[Round "1"]
[White "Gasik, Anna"]
[Black "Froewis, Georg"]
[Result "0-1"]
[WhiteElo "2196"]
[BlackElo "2458"]
[PlyCount "141"]
[EventDate "2015.12.27"]
[EventType "swiss"]
[EventRounds "9"]
[EventCountry "POL"]
[SourceTitle "CBM 170 Extra"]
[Source "ChessBase"]
[SourceDate "2016.02.25"]
[SourceVersion "1"]
[SourceVersionDate "2016.02.25"]
[SourceQuality "1"]

1. e4 e6 2. d4 d5 3. Nd2 Nc6 4. Ngf3 Nf6 5. e5 Nd7 6. Bb5 Be7 7. c4 dxc4 8. 0-0 Nb6 9. Nxc4 Bd7 10. Nxb6 axb6 11. d5 Nb4 12. Bxd7+ Qxd7 13. dxe6 Qxe6 14. Bg5 0-0 15. Bxe7 Qxe7 16. a3 Nc6 17. Re1 Rfe8 18. Re3 h6 19. Qb3 Ra5 20. Rae1 Qe6 21. Qxe6 Rxe6 22. Rc1 Rd5 23. g3 Kf8 24. Kg2 Ke8 25. Rc4 Kd8 26. Rf4 Rd7 27. h4 g6 28. g4 Rde7 29. Nd4 Nxd4 30. Rxd4+ Ke8 31. Red3 Kf8 32. Rd8+ Kg7 33. f4 g5 34. hxg5 hxg5 35. fxg5 Rxe5 36. R8d7 Kg6 37. Kf3 Kxg5 38. Rxe7 Rxe7 39. Rd5+ Kg6 40. Rd2 b5 41. Rd5 c6 42. Rd2 Kg5 43. Rh2 Re1 44. Rh5+ Kg6 45. Rh2 Rd1 46. Re2 Rd3+ 47. Kf4 Rd4+ 48. Kf3 Kf6 49. Rh2 b4 50. axb4 Rxb4 51. Re2 Rb3+ 52. Kf4 Kg6 53. Rc2 Rb5 54. Re2 Rb4+ 55. Kf3 c5 56. Rc2 b6 57. Rh2 b5 58. Rc2 c4 59. Rd2 Rb3+ 60. Kf4 Rd3 61. Re2 Rd4+ 62. Kf3 b4 63. Re5 Rd2 64. Rc5 Rc2 65. Ke4 b3 66. Kd4 Rxb2 67. Rxc4 Rb1 68. Rb4 Kg5 69. Kc3 Rf1 70. Kd3 Rf4 71. Rxb3 0-1

[Event "POL-chT 1st League"]
[Site "Jastrzebia Gora"]
[Date "2015.09.13"]
[Round "9.18"]
[White "Poznanska, Katarzyna"]
[Black "Gasik, Anna"]
[Result "0-1"]
[WhiteElo "2106"]
[BlackElo "2184"]
[PlyCount "56"]
[EventDate "2015.09.05"]
[EventType "team-tourn"]
[EventRounds "9"]
[EventCountry "POL"]
[SourceTitle "EXT 2016"]
[Source "ChessBase"]
[SourceDate "2015.10.08"]
[SourceVersion "1"]
[SourceVersionDate "2015.10.08"]
[SourceQuality "1"]
[WhiteTeam "Legnica Miedz"]
[BlackTeam "Pultusk Nadnarwianka"]
[WhiteTeamCountry "POL"]
[BlackTeamCountry "POL"]

1. e4 c6 2. d4 d5 3. Nd2 dxe4 4. Nxe4 Nf6 5. Nxf6+ gxf6 6. Bf4 Qb6 7. b3 Bf5 8. Bc4 Rg8 9. Ne2 Nd7 10. a4 e5 11. a5 Qc7 12. Bg3 Bd6 13. 0-0 Rg7 14. Nc3 Kf8 15. d5 Bb4 16. Ne2 Bxa5 17. dxc6 bxc6 18. Nd4 Be4 19. Qe2 Bd5 20. Bxd5 cxd5 21. Nf5 Rg5 22. Ne3 d4 23. Nd5 Qc5 24. Qf3 e4 25. Qxe4 Qxd5 26. Qxh7 Bb4 27. Ra4 Rh5 28. Qd3 Nc5 0-1

[Event "Pardubice op rap 26th"]
[Site "Pardubice"]
[Date "2015.07.23"]
[Round "5"]
[White "Neuman, Petr"]
[Black "Gasik, Anna"]
[Result "1-0"]
[WhiteElo "2470"]
[BlackElo "2160"]
[PlyCount "131"]
[EventDate "2015.07.22"]
[EventType "swiss (rapid)"]
[EventRounds "9"]
[EventCountry "CZE"]
[SourceTitle "CBM 167 Extra"]
[Source "ChessBase"]
[SourceDate "2015.09.14"]
[SourceVersion "1"]
[SourceVersionDate "2015.09.14"]
[SourceQuality "1"]

1. d4 d5 2. c4 c6 3. Nf3 Nf6 4. e3 e6 5. Bd3 Nbd7 6. 0-0 dxc4 7. Bxc4 b5 8. Bb3 Bb7 9. Qe2 a6 10. a4 Be7 11. Rd1 Qc7 12. e4 e5 13. axb5 cxb5 14. Nc3 0-0 15. Bg5 h6 16. Bxf6 Bxf6 17. Nd5 Bxd5 18. Bxd5 Ra7 19. Rac1 Qb8 20. dxe5 Nxe5 21. Nd4 Rc8 22. Rxc8+ Qxc8 23. f4 Ng6 24. g3 Bxd4+ 25. Rxd4 Qc5 26. Qf2 Rc7 27. Bb3 Kh7 28. e5 a5 29. Rd2 Qxf2+ 30. Kxf2 a4 31. Bc2 h5 32. Ke1 Kh6 33. Kd1 h4 34. Rd5 hxg3 35. hxg3 Rb7 36. Kc1 Ne7 37. Rd6+ g6 38. g4 Rc7 39. Kd2 Rc4 40. Rd7 Nc6 41. Rxf7 Nb4 42. g5+ Kh5 43. Bd1+ Kh4 44. Be2 Rc2+ 45. Ke1 Kg3 46. e6 Nd5 47. e7 Nxe7 48. Rxe7 Rxb2 49. f5 a3 50. Ra7 a2 51. Bd1 gxf5 52. g6 Kf4 53. g7 Rg2 54. Rxa2 Rxg7 55. Rb2 Rg1+ 56. Kd2 Kg3 57. Rb3+ Kh4 58. Rxb5 f4 59. Rb3 Rg3 60. Bf3 Rg8 61. Ke2 Rd8 62. Kf2 Rd4 63. Rb5 Rd2+ 64. Be2 f3 65. Kxf3 Ra2 66. Kf2 1-0

[Event "Pardubice op rap 26th"]
[Site "Pardubice"]
[Date "2015.07.22"]
[Round "3"]
[White "Mudrak, Josef"]
[Black "Gasik, Anna"]
[Result "1/2-1/2"]
[WhiteElo "2321"]
[BlackElo "2160"]
[PlyCount "60"]
[EventDate "2015.07.22"]
[EventType "swiss (rapid)"]
[EventRounds "9"]
[EventCountry "CZE"]
[SourceTitle "CBM 167 Extra"]
[Source "ChessBase"]
[SourceDate "2015.09.14"]
[SourceVersion "1"]
[SourceVersionDate "2015.09.14"]
[SourceQuality "1"]

1. d4 d5 2. Nf3 Nf6 3. g3 g6 4. Bg2 Bg7 5. 0-0 0-0 6. c4 c6 7. Nc3 dxc4 8. e4 b5 9. a3 Bb7 10. h3 Nbd7 11. Be3 a6 12. Re1 Rc8 13. e5 Nd5 14. e6 fxe6 15. Ng5 Nc7 16. Bf4 e5 17. dxe5 Nc5 18. Qg4 Nd3 19. Rad1 Qe8 20. Nxh7 Kxh7 21. Ne4 Rd8 22. Ng5+ Kg8 23. Rxd3 cxd3 24. Qh4 Rxf4 25. gxf4 d2 26. Rd1 Bc8 27. Be4 Bf5 28. Bxf5 gxf5 29. Qh7+ Kf8 30. Qxf5+ Kg8 1/2-1/2

[Event "Krakow op-A 25th"]
[Site "Krakow"]
[Date "2014.12.28"]
[Round "3"]
[White "Gasik, Anna"]
[Black "Lewtak, Damian"]
[Result "0-1"]
[WhiteElo "2183"]
[BlackElo "2340"]
[PlyCount "80"]
[EventDate "2014.12.27"]
[EventType "swiss"]
[EventRounds "9"]
[EventCountry "POL"]
[SourceTitle "CBM 164 Extra"]
[Source "ChessBase"]
[SourceDate "2015.03.02"]
[SourceVersion "1"]
[SourceVersionDate "2015.03.02"]
[SourceQuality "1"]

1. e4 c5 2. Nf3 Nf6 3. e5 Nd5 4. Nc3 e6 5. Nxd5 exd5 6. d4 d6 7. exd6 Bxd6 8. dxc5 Bxc5 9. Bb5+ Nc6 10. Qe2+ Be6 11. Ng5 Qf6 12. Nxe6 fxe6 13. 0-0 0-0 14. c3 Qe5 15. Bd2 a6 16. Bd3 Qxe2 17. Bxe2 e5 18. Rae1 e4 19. Bg4 Rad8 20. Be3 Bxe3 21. fxe3 Rd6 22. Rd1 Ne5 23. Rxf8+ Kxf8 24. Bc8 Nc4 25. Bxb7 Nxe3 26. Rd2 Ke7 27. b3 Rf6 28. h3 Rf1+ 29. Kh2 Rc1 30. Bxa6 Rxc3 31. Be2 Kd6 32. Kg1 Kc5 33. Rb2 Kb4 34. a4 d4 35. Kf2 Rc2 36. Rxc2 Nxc2 37. Bd1 d3 38. Bg4 e3+ 39. Kf1 Kc3 40. a5 Kd2 0-1

[Event "Krakow op-A 25th"]
[Site "Krakow"]
[Date "2014.12.28"]
[Round "2"]
[White "Wozniak, Mariola"]
[Black "Gasik, Anna"]
[Result "0-1"]
[WhiteElo "1983"]
[BlackElo "2183"]
[PlyCount "56"]
[EventDate "2014.12.27"]
[EventType "swiss"]
[EventRounds "9"]
[EventCountry "POL"]
[SourceTitle "CBM 164 Extra"]
[Source "ChessBase"]
[SourceDate "2015.03.02"]
[SourceVersion "1"]
[SourceVersionDate "2015.03.02"]
[SourceQuality "1"]

1. e4 c6 2. d4 d5 3. Nc3 dxe4 4. Nxe4 Nf6 5. Nxf6+ gxf6 6. g3 e5 7. Be3 Bf5 8. Bg2 Nd7 9. Ne2 h5 10. 0-0 h4 11. Re1 Qc7 12. dxe5 fxe5 13. Nd4 Bg6 14. Bg5 hxg3 15. hxg3 Qd6 16. Qg4 f6 17. Nf5 Bxf5 18. Qxf5 0-0-0 19. Rad1 Qe7 20. Be3 Qh7 21. Qg4 a6 22. Qc4 Kc7 23. Qc3 Bh6 24. Qa5+ Kb8 25. Rd3 Bxe3 26. Rexe3 f5 27. Bxc6 e4 28. Kf1 Qh1+ 0-1

[Event "EU-ch rapid"]
[Site "Wroclaw"]
[Date "2014.12.20"]
[Round "2"]
[White "Kovalenko, Igor"]
[Black "Gasik, Anna"]
[Result "1-0"]
[WhiteElo "2653"]
[BlackElo "2183"]
[PlyCount "55"]
[EventDate "2014.12.20"]
[EventType "swiss (rapid)"]
[EventRounds "11"]
[EventCountry "POL"]
[SourceTitle "CBM 164 Extra"]
[Source "ChessBase"]
[SourceDate "2015.03.02"]
[SourceVersion "1"]
[SourceVersionDate "2015.03.02"]
[SourceQuality "1"]

1. d4 d5 2. c4 c6 3. Nc3 Nf6 4. e3 e6 5. Nf3 Nbd7 6. Qc2 Bd6 7. b3 0-0 8. Bb2 b6 9. Bd3 Bb7 10. 0-0 Qe7 11. Rfe1 dxc4 12. bxc4 e5 13. Ng5 g6 14. f4 exd4 15. exd4 Qd8 16. Qf2 h6 17. Nge4 Bb4 18. a3 Bxc3 19. Bxc3 Nxe4 20. Bxe4 f5 21. Bc2 Nf6 22. Qg3 Kh7 23. Re5 Qd7 24. Rae1 Rae8 25. h3 Ba6 26. Qh4 Bxc4 27. Rxe8 g5 28. R8e7+ 1-0

[Event "World University-ch (Women) 13th"]
[Site "Katowice"]
[Date "2014.08.24"]
[Round "9"]
[White "Tomnikova, Lidia"]
[Black "Gasik, Anna"]
[Result "1-0"]
[WhiteElo "2216"]
[BlackElo "2230"]
[PlyCount "47"]
[EventDate "2014.08.18"]
[EventType "swiss"]
[EventRounds "9"]
[EventCountry "POL"]
[SourceTitle "CBM 161 Extra"]
[Source "ChessBase"]
[SourceDate "2014.08.29"]
[SourceVersion "1"]
[SourceVersionDate "2014.08.29"]
[SourceQuality "1"]

1. e4 c5 2. Nf3 e6 3. d4 cxd4 4. Nxd4 a6 5. Bd3 Bc5 6. Nb3 Be7 7. Qg4 g6 8. Qe2 d6 9. 0-0 Nd7 10. Nc3 Qc7 11. Bd2 Ngf6 12. Rae1 b6 13. f4 Bb7 14. e5 Nd5 15. Ne4 dxe5 16. fxe5 Nxe5 17. c4 Nxd3 18. Qxd3 Nb4 19. Bxb4 Bxb4 20. Qd4 e5 21. Nf6+ Kf8 22. Rxe5 Rd8 23. Qf4 Kg7 24. Nh5+ 1-0

[Event "World University-ch (Women) 13th"]
[Site "Katowice"]
[Date "2014.08.18"]
[Round "1"]
[White "Rosas Rodriguez, Carmen Melissa"]
[Black "Gasik, Anna"]
[Result "0-1"]
[WhiteElo "1807"]
[BlackElo "2230"]
[PlyCount "96"]
[EventDate "2014.08.18"]
[EventType "swiss"]
[EventRounds "9"]
[EventCountry "POL"]
[SourceTitle "CBM 161 Extra"]
[Source "ChessBase"]
[SourceDate "2014.08.29"]
[SourceVersion "1"]
[SourceVersionDate "2014.08.29"]
[SourceQuality "1"]

1. d4 f5 2. c4 Nf6 3. Nc3 g6 4. h4 d6 5. h5 Nxh5 6. Rxh5 gxh5 7. e4 c6 8. Qxh5+ Kd7 9. Qxf5+ Kc7 10. Qf7 Bd7 11. c5 b6 12. Bg5 Qe8 13. Qc4 Kb7 14. 0-0-0 dxc5 15. dxc5 e5 16. Bf6 Bh6+ 17. Kb1 Rf8 18. Bh4 Be6 19. Qa4 Nd7 20. Ba6+ Kc7 21. Qc2 Nxc5 22. Be2 Kb7 23. b4 Nd7 24. Qa4 a6 25. Rd6 b5 26. Qc2 Nb6 27. Qd1 Rg8 28. g3 Bf8 29. Bh5 Bf7 30. Bxf7 Qxf7 31. Rf6 Qc4 32. Nge2 Bxb4 33. Qb3 Qxb3+ 34. axb3 Rgf8 35. Rh6 Rf7 36. Nd1 Be7 37. Re6 Bxh4 38. gxh4 Rd8 39. Kc2 Rfd7 40. Ndc3 b4 41. Rxe5 Rd2+ 42. Kc1 bxc3 43. Nxc3 Rxf2 44. Rh5 Rd7 45. e5 Rg7 46. e6 Nd5 47. Nd1 Re2 48. Rh6 Kb6 0-1

[Event "Warsaw Najdorf Memorial op-A 12th"]
[Site "Warsaw"]
[Date "2014.07.20"]
[Round "9"]
[White "Warakomska, Anna"]
[Black "Gasik, Anna"]
[Result "1/2-1/2"]
[WhiteElo "2158"]
[BlackElo "2261"]
[PlyCount "20"]
[EventDate "2014.07.14"]
[EventType "swiss"]
[EventRounds "9"]
[EventCountry "POL"]
[SourceTitle "CBM 161 Extra"]
[Source "ChessBase"]
[SourceDate "2014.08.29"]
[SourceVersion "1"]
[SourceVersionDate "2014.08.29"]
[SourceQuality "1"]

1. e4 e5 2. Nf3 Nf6 3. Nxe5 d6 4. Nf3 Nxe4 5. Nc3 Nxc3 6. dxc3 Be7 7. Be3 Nc6 8. Qd2 0-0 9. 0-0-0 Ne5 10. Nxe5 dxe5 1/2-1/2

[Event "Warsaw Najdorf Memorial op-A 12th"]
[Site "Warsaw"]
[Date "2014.07.19"]
[Round "8"]
[White "Gasik, Anna"]
[Black "Teglas, Balazs"]
[Result "1/2-1/2"]
[WhiteElo "2261"]
[BlackElo "2213"]
[PlyCount "69"]
[EventDate "2014.07.14"]
[EventType "swiss"]
[EventRounds "9"]
[EventCountry "POL"]
[SourceTitle "CBM 161 Extra"]
[Source "ChessBase"]
[SourceDate "2014.08.29"]
[SourceVersion "1"]
[SourceVersionDate "2014.08.29"]
[SourceQuality "1"]

1. e4 e6 2. d4 d5 3. Nd2 Nc6 4. Ngf3 Nf6 5. e5 Nd7 6. Bb5 a6 7. Bxc6 bxc6 8. Nb3 c5 9. Bg5 Be7 10. Na5 Nxe5 11. Nxe5 Bxg5 12. dxc5 0-0 13. h4 Bf6 14. Qd4 Qe8 15. f4 Rb8 16. g4 Qb5 17. Nb3 a5 18. a4 Qa6 19. Qd2 Bxe5 20. fxe5 Qc4 21. Qe2 Qb4+ 22. Kf2 f6 23. Kg3 Bd7 24. Rhf1 fxe5 25. Qxe5 Bxa4 26. Nd4 Rxf1 27. Rxf1 Qxc5 28. Nxe6 Qd6 29. Qxd6 cxd6 30. b3 Bd7 31. Nd4 a4 32. bxa4 Bxa4 33. Rf5 Bd7 34. Rf1 Rb4 35. Nf5 1/2-1/2

[Event "POL-chT 70th"]
[Site "Gorzow Wielkopolski"]
[Date "2014.05.18"]
[Round "3.6"]
[White "Zawadzka, Jolanta"]
[Black "Gasik, Anna"]
[Result "1/2-1/2"]
[WhiteElo "2404"]
[BlackElo "2264"]
[PlyCount "175"]
[EventDate "2014.05.16"]
[EventType "team-tourn"]
[EventRounds "9"]
[EventCountry "POL"]
[SourceTitle "CBM 160 Extra"]
[Source "ChessBase"]
[SourceDate "2014.07.01"]
[SourceVersion "1"]
[SourceVersionDate "2014.07.01"]
[SourceQuality "1"]
[WhiteTeam "Wroclaw Polonia"]
[BlackTeam "Pultusk Nadnarwianka"]
[WhiteTeamCountry "POL"]
[BlackTeamCountry "POL"]

1. e4 c5 2. Nf3 e6 3. d4 cxd4 4. Nxd4 a6 5. Bd3 Bc5 6. Nb3 Be7 7. Qg4 g6 8. Qe2 d6 9. 0-0 Nd7 10. Na3 b6 11. Nc4 Bb7 12. a4 Ngf6 13. Bh6 d5 14. exd5 Nxd5 15. Rfe1 Qc7 16. Be4 Rc8 17. Nbd2 Bf8 18. Bxf8 Kxf8 19. Ne3 N7f6 20. Nxd5 Bxd5 21. Bd3 a5 22. Ra3 Kg7 23. Qe3 Qc5 24. Qf4 Nh5 25. Qh4 Qb4 26. Qxb4 axb4 27. Raa1 Nf4 28. Be4 Rhd8 29. Nf1 Rc4 30. Nd2 Rc7 31. g3 Nh3+ 32. Kf1 Bxe4 33. Nxe4 f5 34. Kg2 fxe4 35. Kxh3 Rxc2 36. Rxe4 Rxb2 37. Rxe6 Rb8 38. f4 b3 39. Re4 Ra2 40. Rb1 b2 41. Rb4 Ra8 42. R1xb2 Rxb2 43. Rxb2 Rxa4 44. Rxb6 h5 45. Kh4 Kh6 46. Rf6 Rb4 47. h3 Ra4 48. g4 hxg4 49. hxg4 Kg7 50. g5 Rb4 51. Kg4 Rb3 52. Ra6 Rc3 53. Ra7+ Kg8 54. Ra4 Kg7 55. Ra2 Rb3 56. Rf2 Ra3 57. Rf3 Ra4 58. Rd3 Rb4 59. Kf3 Kf7 60. Ke3 Ke6 61. Rd8 Rb3+ 62. Ke4 Rb4+ 63. Rd4 Rb1 64. Rc4 Re1+ 65. Kf3 Kf7 66. Rc7+ Kg8 67. Rd7 Kf8 68. Rd3 Kf7 69. Re3 Ra1 70. Rc3 Re1 71. Rc4 Re7 72. Re4 Ra7 73. Ke3 Ra3+ 74. Kd4 Ra4+ 75. Kd5 Ra5+ 76. Kd6 Ra6+ 77. Kc7 Ra7+ 78. Kb6 Ra1 79. Rc4 Rb1+ 80. Kc7 Rd1 81. Kc8 Kf8 82. Rc6 Rd4 83. Rf6+ Kg7 84. Kc7 Ra4 85. Kd7 Ra7+ 86. Ke8 Ra8+ 87. Ke7 Ra7+ 88. Ke8 1/2-1/2

[Event "BL2 Ost 1314 (Women)"]
[Site "Germany"]
[Date "2014.02.15"]
[Round "4.2"]
[White "Wagner Michel, Annett"]
[Black "Gasik, Anna"]
[Result "1/2-1/2"]
[WhiteElo "2153"]
[BlackElo "2212"]
[PlyCount "40"]
[EventDate "2013.11.30"]
[EventType "team-tourn"]
[EventRounds "7"]
[EventCountry "GER"]
[SourceTitle "EXT 2018"]
[Source "ChessBase"]
[SourceDate "2017.10.13"]
[SourceVersion "1"]
[SourceVersionDate "2017.10.13"]
[SourceQuality "1"]
[WhiteTeam "Berlin Rotation (W)"]
[BlackTeam "Torgelow Droegeheide (W)"]
[WhiteTeamCountry "GER"]
[BlackTeamCountry "GER"]

1. e4 c6 2. d4 d5 3. Nd2 dxe4 4. Nxe4 Nf6 5. Nxf6+ gxf6 6. Nf3 Bg4 7. Be2 Nd7 8. 0-0 Qc7 9. Re1 e6 10. h3 Bxf3 11. Bxf3 0-0-0 12. Qe2 Nb6 13. Be3 Rg8 14. c4 Kb8 15. Rac1 f5 16. d5 c5 17. b4 cxb4 18. dxe6 fxe6 19. Bxb6 Qxb6 20. Qxe6 Qxe6 1/2-1/2

[Event "UKR-POL U26"]
[Site "Lvov"]
[Date "2013.09.28"]
[Round "4"]
[White "Babiy, Olga"]
[Black "Gasik, Anna"]
[Result "1/2-1/2"]
[WhiteElo "2290"]
[BlackElo "2227"]
[PlyCount "106"]
[EventDate "2013.09.26"]
[EventType "team-swiss"]
[EventRounds "5"]
[EventCountry "UKR"]
[SourceTitle "CBM 156 Extra"]
[Source "ChessBase"]
[SourceDate "2013.10.22"]
[SourceVersion "1"]
[SourceVersionDate "2013.10.22"]
[SourceQuality "1"]
[WhiteTeam "Ternopol Economic Univ"]
[BlackTeam "Warsaw Univ"]
[WhiteTeamCountry "UKR"]
[BlackTeamCountry "POL"]

1. e4 c5 2. Nf3 e6 3. d4 cxd4 4. Nxd4 a6 5. Nc3 b5 6. Bd3 Qb6 7. Nb3 d6 8. 0-0 Qc7 9. f4 Nd7 10. a3 Bb7 11. Qe1 Ngf6 12. Qg3 g6 13. Bd2 Bg7 14. Rae1 0-0 15. Qh3 d5 16. e5 Ne4 17. Bxe4 dxe4 18. Qe3 Rac8 19. Nd4 g5 20. g3 gxf4 21. gxf4 Kh8 22. Rf2 Rg8 23. Kf1 f5 24. b3 Nf8 25. Nce2 Qd7 26. Bb4 Ng6 27. Qh3 e3 28. Qxe3 Qd5 29. Ng3 Bh6 30. Nh5 Rgf8 31. c3 Bg7 32. Nf6 Bxf6 33. exf6 e5 34. fxe5 Qh1+ 35. Ke2 f4 36. Rxh1 fxe3 37. Kxe3 Bxh1 38. e6 Bd5 39. e7 Rfe8 40. f7 Bxf7 41. Rxf7 Kg8 42. Rf6 Nxe7 43. Rxa6 Nd5+ 44. Kd3 Re3+ 45. Kd2 Nxb4 46. cxb4 Rh3 47. Nxb5 Rxh2+ 48. Kd3 Rh3+ 49. Kd4 Rh4+ 50. Kd3 Rh3+ 51. Kd4 Rh4+ 52. Kd3 Rh3+ 53. Kd4 Rh4+ 1/2-1/2

[Event "POL-chT1"]
[Site "Szklarska Poreba"]
[Date "2013.09.15"]
[Round "9"]
[White "Lach, Aleksandra"]
[Black "Gasik, Anna"]
[Result "0-1"]
[WhiteElo "2153"]
[BlackElo "2227"]
[PlyCount "148"]
[EventDate "2013.09.07"]
[EventType "team-tourn"]
[EventRounds "9"]
[EventCountry "POL"]
[SourceTitle "EXT 2015"]
[Source "ChessBase"]
[SourceDate "2014.11.20"]
[SourceVersion "1"]
[SourceVersionDate "2014.11.20"]
[SourceQuality "1"]
[WhiteTeam "Krakow Wisla"]
[BlackTeam "Pultusk Nadnarwianka"]
[WhiteTeamCountry "POL"]
[BlackTeamCountry "POL"]

1. e4 c5 2. Nf3 e6 3. d4 cxd4 4. Nxd4 a6 5. Bd3 Bc5 6. Nb3 Be7 7. Be3 d6 8. N1d2 Nf6 9. f4 Nc6 10. c3 e5 11. f5 g6 12. Qe2 gxf5 13. exf5 d5 14. 0-0-0 Qc7 15. Bc2 Rg8 16. h3 d4 17. Bg1 dxc3 18. bxc3 Nd5 19. Qf3 Ba3+ 20. Kb1 Nce7 21. c4 Nf6 22. Bh2 Bd7 23. Rhe1 Nc6 24. c5 Bb4 25. a3 Bxd2 26. Rxd2 0-0-0 27. Rde2 Rde8 28. g4 h5 29. Rg2 hxg4 30. hxg4 Nh7 31. Rge2 f6 32. Ka2 Ng5 33. Qc3 Na7 34. Bd3 Nf3 35. Bc4 Rxg4 36. Rf1 Nxh2 37. Rxh2 Rxc4 38. Qxc4 Bb5 39. Qc1 Bxf1 40. Qxf1 e4 41. Rc2 Nc6 42. Nd2 Qe5 43. Qb1 Kb8 44. Rb2 Re7 45. Nxe4 Qxe4 46. Rxb7+ Kc8 47. Qxe4 Rxe4 48. Rf7 Re5 49. Rxf6 Rxc5 50. Rf7 Kd8 51. f6 Rf5 52. Rf8+ Kc7 53. Kb3 Ne5 54. Kb4 Nd7 55. Rf7 Rxf6 56. Rh7 Rf5 57. a4 a5+ 58. Kb3 Kc6 59. Rh6+ Rf6 60. Rh5 Nc5+ 61. Ka2 Rf4 62. Rh6+ Kd5 63. Rh5+ Kc4 64. Ka3 Rf3+ 65. Ka2 Re3 66. Rg5 Kb4 67. Rh5 Re2+ 68. Kb1 Nxa4 69. Kc1 Nb6 70. Rh4+ Nc4 71. Rh3 a4 72. Kb1 Nd2+ 73. Ka1 Nb3+ 74. Kb1 Re1+ 0-1

[Event "POL-chT1"]
[Site "Szklarska Poreba"]
[Date "2013.09.11"]
[Round "5"]
[White "Leks, Maria"]
[Black "Gasik, Anna"]
[Result "0-1"]
[WhiteElo "2099"]
[BlackElo "2227"]
[PlyCount "66"]
[EventDate "2013.09.07"]
[EventType "team-tourn"]
[EventRounds "9"]
[EventCountry "POL"]
[SourceTitle "EXT 2015"]
[Source "ChessBase"]
[SourceDate "2014.11.20"]
[SourceVersion "1"]
[SourceVersionDate "2014.11.20"]
[SourceQuality "1"]
[WhiteTeam "Warsaw Polonia"]
[BlackTeam "Pultusk Nadnarwianka"]
[WhiteTeamCountry "POL"]
[BlackTeamCountry "POL"]

1. e4 c5 2. Nf3 e6 3. d4 cxd4 4. Nxd4 a6 5. Bd3 Bc5 6. Nb3 Be7 7. 0-0 d6 8. Qg4 g6 9. Qg3 Nf6 10. Bh6 Nbd7 11. a4 b6 12. Na3 Ne5 13. f3 Bb7 14. Qf2 d5 15. Rad1 Qc7 16. Be3 dxe4 17. Bxb6 Qb8 18. Bb5+ axb5 19. Nxb5 e3 20. Qxe3 Nc4 21. Qd4 Nxb6 22. Qxb6 0-0 23. Ra1 Nd5 24. Qf2 Rc8 25. c3 Ba6 26. Qe2 Nb6 27. N3d4 Bc5 28. Rfd1 Nxa4 29. Rxa4 Bxb5 30. Rxa8 Bxe2 31. Rxb8 Rxb8 32. Rd2 Bxd4+ 33. cxd4 Bc4 0-1